Незабываемые встречи (Запись № 10826800)
[ простой вид ]
| 000 -МАРКЕР | |
|---|---|
| контрольное поле | 01399nam0a2200349 i 4500 |
| 001 - ИДЕНТИФИКАТОР ЗАПИСИ | |
| контрольное поле | RU\NLR\BIBL_A\010971901 |
| 005 - ИДЕНТИФИКАТОР ВЕРСИИ | |
| контрольное поле | 20241105190549.0 |
| 010 ## - МЕЖДУНАРОДНЫЙ СТАНДАРТНЫЙ НОМЕР КНИГИ (ISBN) | |
| Номер (ISBN) | 9785937160706 |
| Тираж | 500 |
| 021 ## - НОМЕР ГОСУДАРСТВЕННОЙ РЕГИСТРАЦИИ | |
| Код страны | Российская Федерация |
| Номер | 2016-1908 |
| Номер Листа государственной регистраци | 117 |
| 035 ## - ДРУГИЕ СИСТЕМНЫЕ НОМЕРА | |
| Идентификатор записи | (NILC)RuMoRGB-008117671 |
| 035 ## - ДРУГИЕ СИСТЕМНЫЕ НОМЕРА | |
| Идентификатор записи | (NLR Aleph) 010971901 |
| 100 ## - ДАННЫЕ ОБЩЕЙ ОБРАБОТКИ | |
| Данные общей обработки | 20160204d2015 k y0rusy50 ca |
| 101 0# - ЯЗЫК РЕСУРСА | |
| Язык текста, звукозаписи и т.д. | русский |
| 102 ## - СТРАНА ПУБЛИКАЦИИ ИЛИ ПРОИЗВОДСТВА | |
| Страна публикации | Российская Федерация |
| 105 ## - ПОЛЕ КОДИРОВАННЫХ ДАННЫХ: ТЕКСТОВЫЕ МАТЕРИАЛЫ, МОНОГРАФИЧЕСКИЕ | |
| Кодированные данные о монографическом текстовом документе | ac||z|||000zy |
| 200 1# - ЗАГЛАВИЕ И СВЕДЕНИЯ ОБ ОТВЕТСТВЕННОСТИ | |
| Основное заглавие | Незабываемые встречи |
| Сведения, относящиеся к заглавию | лекции и воспоминания |
| Первые сведения об ответственности | Л. Г. Кудоярова |
| 210 ## - ПУБЛИКАЦИЯ, РАСПРОСТРАНЕНИЕ И ДР. | |
| Место издания, распространения и т.д. | Уфа |
| Имя издателя, распространителя и т. д. | РИС УГАИ |
| Дата издания, распространения и т.д. | 2015 |
| 215 ## - ФИЗИЧЕСКАЯ ХАРАКТЕРИСТИКА | |
| Специфическое обозначение материала и объем | 384 с. |
| Другие сведения о физической характеристике | ил., портр. |
| Размеры | 21 |
| 300 ## - ОБЩИЕ ПРИМЕЧАНИЯ | |
| Текст примечания | Посвящается 80-летию со дня рождения Л.Г. Кудояровой |
| 327 1# - ПРИМЕЧАНИЯ О СОДЕРЖАНИИ | |
| Текст примечания | Содерж. также воспоминания близких, родных, друзей, коллег, учеников о Л.Г. Кудояровой |
| 600 #1 - ИМЯ ЛИЦА КАК ПРЕДМЕТ | |
| Начальный элемент ввода | Кудоярова |
| Часть имени, кроме начального элемента ввода | Л. Г. |
| Расширение инициалов личного имени | Лейла Габдулловна |
| Системный номер авторитетной/нормативной записи | 2277588 |
| Идентификатор авторитетной/нормативной записи | RU\NLR\AUTH\6601593232 |
| 675 ## - УНИВЕРСАЛЬНАЯ ДЕСЯТИЧНАЯ КЛАССИФИКАЦИЯ (UDC/УДК) | |
| Индекс | 78 |
| 686 1# - ИНДЕКСЫ ДРУГИХ КЛАССИФИКАЦИЙ | |
| Индекс | Щ10г(2Р=Баш)7дКудоярова |
| 700 #1 - ИМЯ ЛИЦА - ПЕРВИЧНАЯ ОТВЕТСТВЕННОСТЬ | |
| Начальный элемент ввода | Кудоярова |
| Часть имени, кроме начального элемента ввода | Л. Г. |
| Расширение инициалов личного имени | Лейла Габдулловна |
| 801 #0 - ИСТОЧНИК ЗАПИСИ | |
| Страна | Российская Федерация |
| Организация | РГБ |
| Дата составления | 20160119 |
| Правила каталогизации | RCR |
| 801 #2 - ИСТОЧНИК ЗАПИСИ | |
| Страна | Российская Федерация |
| Организация | РГБ |
| Дата составления | 20160122 |
| Правила каталогизации | rcr |
| 801 #1 - ИСТОЧНИК ЗАПИСИ | |
| Страна | Российская Федерация |
| Организация | РГБ |
| Дата составления | 20160119 |
| Источник данных | rusmarc |
| 942 ## - ДОПОЛНИТЕЛЬНЫЕ ЭЛЕМЕНТЫ ЗАПИСИ (АБИС) | |
| Тип экземпляра АБИС | Книга |
| 980 ## - КОЛЛЕКЦИЯ | |
| Название коллекции | НБР |
Нет доступных экземпляров.